effets de systeme en labour et en scv sur ph et ce dans la station experimentale de chamkaleur (ឥទ្ធិពលនៃការភ្ជួរ និង មិនភ្ជួរដីដោយប្រើដំណំាគំរបដីនៅលើ ប៉េហាស់​ និង ភាពប្រៃរបស់ដី នៅស្ថានីយ៍ពីសោធន៍ចំការលើ) (Record no. 1460)

000 -LEADER
fixed length control field 00757nam a22001337a 4500
040 ## - CATALOGING SOURCE
Transcribing agency RUA
082 ## - DEWEY DECIMAL CLASSIFICATION NUMBER
Classification number AGR NIN 2010 B064 Or.1
100 ## - MAIN ENTRY--AUTHOR NAME
Personal name NIN, BUNNOEUN.
245 ## - TITLE STATEMENT
Title effets de systeme en labour et en scv sur ph et ce dans la station experimentale de chamkaleur (ឥទ្ធិពលនៃការភ្ជួរ និង មិនភ្ជួរដីដោយប្រើដំណំាគំរបដីនៅលើ ប៉េហាស់​ និង ភាពប្រៃរបស់ដី នៅស្ថានីយ៍ពីសោធន៍ចំការលើ)
260 ## - PUBLICATION, DISTRIBUTION, ETC. (IMPRINT)
Place of publication Phnom Penh
Name of publisher RUA
Year of publication 2010
300 ## - PHYSICAL DESCRIPTION
Number of Pages x, 50p.
Other physical details ill.
Dimensions 29cm.
856 ## - ELECTRONIC LOCATION AND ACCESS
Uniform Resource Identifier https://drive.google.com/file/d/1Mla9wqn5GO00KN46IH2MM19lcwPuV49S/view?usp=sharing
942 ## - ADDED ENTRY ELEMENTS (KOHA)
Koha item type AGR
952 ## - LOCATION AND ITEM INFORMATION (KOHA)
Withdrawn status [LOCAL, KOHA] 0
952 ## - LOCATION AND ITEM INFORMATION (KOHA)
Withdrawn status [LOCAL, KOHA] 0
952 ## - LOCATION AND ITEM INFORMATION (KOHA)
Withdrawn status [LOCAL, KOHA] 0
952 ## - LOCATION AND ITEM INFORMATION (KOHA)
Withdrawn status [LOCAL, KOHA] 0
952 ## - LOCATION AND ITEM INFORMATION (KOHA)
Withdrawn status [LOCAL, KOHA] 0
952 ## - LOCATION AND ITEM INFORMATION (KOHA)
Withdrawn status [LOCAL, KOHA] 0
952 ## - LOCATION AND ITEM INFORMATION (KOHA)
Withdrawn status [LOCAL, KOHA] 0
952 ## - LOCATION AND ITEM INFORMATION (KOHA)
Withdrawn status [LOCAL, KOHA] 0
952 ## - LOCATION AND ITEM INFORMATION (KOHA)
Withdrawn status [LOCAL, KOHA] 0
952 ## - LOCATION AND ITEM INFORMATION (KOHA)
Withdrawn status [LOCAL, KOHA] 0
952 ## - LOCATION AND ITEM INFORMATION (KOHA)
Withdrawn status [LOCAL, KOHA] 0
Holdings
Permanent Location Date acquired Koha item type Lost status Shelving location Barcode Current Location Full call number
Library Block B2015-09-29AGR B064RUA001982Library Block BAGR NIN 2010 B064 Or.1
Library Block B2015-09-29AGR B064RUA001974Library Block BAGR NIN 2010 B064 Or.2
Library Block B2015-09-29AGR B064RUA001908Library Block BAGR NIN 2010 B064 Or.3
Library Block B2015-09-29AGR B064RUA001701Library Block BAGR NIN 2010 B064 Or.4
Library Block B2015-09-29AGR B064RUA001774Library Block BAGR NIN 2010 B064 Or.5
Library Block B2015-09-29AGR B064RUA001630Library Block BAGR NIN 2010 B064 Or.6
Library Block B2015-09-29AGR B064RUA017736Library Block BAGR NIN 2010 B064 Or.7
Library Block B2015-09-29AGR B064RUA017612Library Block BAGR NIN 2010 B064 Or.8
Library Block B2015-09-29AGR B064RUA017894Library Block BAGR NIN 2010 B064 Or.9
Library Block B2015-09-29AGR B064RUA017664Library Block BAGR NIN 2010 B064 Or.10
Library Block B2015-09-29AGR B064RUA017592Library Block BAGR NIN 2010 B064 Or.11
មជ្ឈមណ្ឌលឯការនៃសាកលវិទ្យាល័យភូមិន្ទកសិកម្មចំការដូង

Powered by Koha